BATIK INDUSTRY IN MALAYSIA AT THE CROSSROAD : (Record no. 176881)

MARC details
000 -LEADER
fixed length control field 01487nam a22004331i 4500
001 - CONTROL NUMBER
control field vtls000866020
003 - CONTROL NUMBER IDENTIFIER
control field PNM
005 - DATE AND TIME OF LATEST TRANSACTION
control field 20200317122737.0
008 - FIXED-LENGTH DATA ELEMENTS--GENERAL INFORMATION
fixed length control field 181119t20182018my e a001 0 eng
015 ## - NATIONAL BIBLIOGRAPHY NUMBER
National bibliography number M191-01537
020 ## - INTERNATIONAL STANDARD BOOK NUMBER
International Standard Book Number 9789672229308
Qualifying information paperback
Terms of availability RM35.00
039 #9 - LEVEL OF BIBLIOGRAPHIC CONTROL AND CODING DETAIL [OBSOLETE]
Level of rules in bibliographic description 201910071119
Level of effort used to assign nonsubject heading access points azeantie
Level of effort used to assign subject headings 201910021233
Level of effort used to assign classification rosliza
Level of effort used to assign subject headings 201909301211
Level of effort used to assign classification noorul
Level of effort used to assign subject headings 201908271119
Level of effort used to assign classification AUTHORITY
040 ## - CATALOGING SOURCE
Original cataloging agency BNM
Language of cataloging eng
Transcribing agency BNM
Modifying agency PNM
-- BNM
-- PPAK
Description conventions rda
049 ## - LOCAL HOLDINGS (OCLC)
Holding library klpmal
082 04 - DEWEY DECIMAL CLASSIFICATION NUMBER
Classification number 746.66209595
Edition number 23
090 00 - LOCALLY ASSIGNED LC-TYPE CALL NUMBER (OCLC); LOCAL CALL NUMBER (RLIN)
Classification number (OCLC) (R) ; Classification number, CALL (RLIN) (NR) 746.66209595
Feature heading MOH
Feature heading G
100 0# - MAIN ENTRY--PERSONAL NAME
Personal name Mohd. Rafi Yaacob,
Titles and words associated with a name Prof., Dr.,
Relator term author.
245 10 - TITLE STATEMENT
Title BATIK INDUSTRY IN MALAYSIA AT THE CROSSROAD :
Remainder of title Business as usual or green imperative? /
Statement of responsibility, etc. Mohd Rafi Yaacob, Nur Faizah Mat Zain
264 #1 - PRODUCTION, PUBLICATION, DISTRIBUTION, MANUFACTURE, AND COPYRIGHT NOTICE
Place of production, publication, distribution, manufacture Kota Bharu, Kelantan :
Name of producer, publisher, distributor, manufacturer Penerbit UMK,
Date of production, publication, distribution, manufacture, or copyright notice 2018
Date of production, publication, distribution, manufacture, or copyright notice ©2018
300 ## - PHYSICAL DESCRIPTION
Extent xiv, 131 pages ;
Dimensions 23 cm
336 ## - CONTENT TYPE
Content type term text
Source rdacontent
337 ## - MEDIA TYPE
Media type term unmediated
Source rdamedia
338 ## - CARRIER TYPE
Carrier type term volume
Source rdacarrier
500 ## - GENERAL NOTE
General note Includes index.
504 ## - BIBLIOGRAPHY, ETC. NOTE
Bibliography, etc. note Bibliography: pages 111-127
650 10 - SUBJECT ADDED ENTRY--TOPICAL TERM
Topical term or geographic name entry element Batik
Geographic subdivision Malaysia
Topical term or geographic name entry element Government publications
Geographic subdivision Malaysia
700 0# - ADDED ENTRY--PERSONAL NAME
Personal name Nur Faizah Mat Zain,
Relator term author.
942 ## - ADDED ENTRY ELEMENTS (KOHA)
Source of classification or shelving scheme Dewey Decimal Classification
Koha item type Book
949 ## - LOCAL PROCESSING INFORMATION (OCLC)
6 2000674787
a 746.66209595 MRY M
6 1001376173
e 2609409
6 1001376174
e 2609410
6 1001376175
e 2609411
6 1001376176
e 2609412
6 1001376177
e 2609413
6 2000674790
a 746.66209595 MRY M
6 2000674789
a 746.66209595 MRY M
Holdings
Withdrawn Not for loan Current library Shelving location Date acquired Full call number Barcode Date last seen Koha item type
    Perpustakaan Alor Setar Pinjaman Dewasa 03/06/2020 746.66209595 MOH A01641448 03/06/2020 Book
    Perpustakaan Awam Sungai Petani Pinjaman Dewasa 03/06/2020 746.66209595 MOH A01641449 03/06/2020 Book
    Perpustakaan Jitra Pinjaman Dewasa 03/06/2020 746.66209595 MOH A01641450 03/06/2020 Book
    Perpustakaan Kulim Pinjaman Dewasa 03/06/2020 746.66209595 MOH A01641451 03/06/2020 Book
    Perpustakaan Langkawi Pinjaman Dewasa 03/06/2020 746.66209595 MOH A01641452 03/06/2020 Book